Normal view MARC view
  • Wheeler, Marguerite L.

Entry Nombre Personal

Number of records used in: 1

001 - NUMERO DE CONTROL

  • campo de control: 46407

003 - IDENTIFICADOR DE NUMERO DE CONTROL

  • campo de control: DLC

005 - FECHA Y HORA DE LA ÜLTIMA TRANSACCIÓN

  • campo de control: 20220915123137.0

008 - DATOS DE LONGITUD FIJA

  • campo de control de longitud fija: 160725n| azannaabn |n aaa d

010 ## - NÚMERO DE CONTROL DE LA BIBLIOTECA DEL CONGRESO

  • Número de control LC: no2016097671

035 ## - NUMERO DE CONTROL

  • Número de control: (OCoLC)oca10533972

040 ## - FUENTE DE CATALOGACIÓN

  • Agencia original de catalogación: InU
  • Lenguaje de catalogación: spa
  • Description conventions: rda
  • Agencia de transcripción: InU
  • Agencia que lo modifica: MX-MxUPN

100 1# - ENCABEZAMIENTO - NOMBRE PERSONAL

  • Nombre personal: Wheeler, Marguerite L.

670 ## - FUENTE EN LA QUE SE LOCALIZARON DATOS

  • Cita de la fuente: War of the wooden soldiers, 1915:
  • Información localizada: t.p. (Marguerite L. Wheeler)

670 ## - FUENTE EN LA QUE SE LOCALIZARON DATOS

  • Cita de la fuente: Dotty dolly's tea party, 1914:
  • Información localizada: portada (Marguerite L. Wheeler)

902 ## - CATALOGADOR

  • Catalogador: Víctor Ruiz/150922